000 00865cam a22003017a 4500
003 CHAP
005 20220329143713.0
008 110307s1985 co r 00010 spa d
010 _a100594
011 _a101566
020 _a9580400318
035 _a112254
040 _cCHAP
082 0 0 _a540.3
_bD55
245 0 0 _aDiccionario de química
260 _aBogotá :
_bNorma,
_c1985
300 _a256 p.
490 0 _aLlave de la ciencia
590 _aBATCH-UPD
_b10
_c20130110
_lUCH01
_h1658
590 _aBATCH-UPD
_b10
_c20130410
_lUCH01
_h1046
590 _aBATCH-UPD
_b10
_c20130914
_lUCH01
_h1727
590 _aCONVERSION
_b10
_c20130109
_lUCH01
_h1355
650 1 4 _aQuímica
_xDiccionarios.
_993558
830 0 _aLlave de la ciencia
_967269
901 _aBK
942 _cLIBRO
949 _a540.3 D55
_bBC
_cC
_d33724002236306
_eC
_gDonaciØn
_h114231
_i112254
_sb
999 _c100594
_d100594